000 00679nam a2200193 a 4500
005 20140311163040.0
008 111018s19uu xx 00 eng d
020 _a9780826434654
050 _aLC 4096.G7
_b.V59 2009
100 _aVizard, Dave
245 _aMeeting needs of disaffected students :
_bengaging students with social, emotional and behavioural difficulties /
_cDave Vizard.
260 _aLondon :
_bContinuum International,
_c2009.
300 _a122 p. :
_bill. ;
_c24 cm.
521 _aEDU
650 _aChildren with social disabilities
_xEducation
_xGreat Britain
650 _aMotivation in education
_xGreat Britain
942 _cBK
_2lcc
_kFOR
999 _c39730
_d39730